Заявления о приеме в члены Русского собрания

Доступно только в Электронных читальных залах Найти на картеНа карте
RUSMARC
00003687nac2a22002531x 450
0013302392d-c167-4668-b760-2c3a9ea0e72a
00520131123191015.0
100##$a20130717l1904 k y0rusy50 ca
1010#$arus
102##$aRU
105##$ay z |||||
2001#$aЗаявления о приеме в члены Русского собрания
$j1904
215##$a115 листов
251##$cДело
300##$aЛисты 2-5: печатный текст
300##$aЧасть текста рукописная, часть - напечатана типографским способом и на пишущей машинке
330##$aБ. Материалы общественно-политической деятельности Б. В. Никольского. русское собрание
461#0$10011c5950b4-9b17-43ad-92f1-e565a07ae223
$12001
$aНикольский Борис Владимирович, историк права, профессор Юрьевского и Петербургского университетов, один из руководителей главного совета "Русского собрания", поэт, критик
$1251
$cФонд
$1852
$j588
462#0$1001855f2cb0-80f8-42f6-88fa-41bf4837b2b7
$12001
$aНикольский Борис Владимирович. 1837-1919 гг.
$1251
$cОпись
$1852
$j1
600#1$aНикольский
$bБ. В.
$gБорис Владимирович
60102$3RU\NLR\AUTH\8810051422
$aРусское собрание
$cСанкт-Петербург
801#0$aRU
$bGA_RF
801#1$aRU
$bНПО Опыт
$c20130717
$2rusmarc
801#2$aRU
$bПБ им. Б.Н. Ельцина
$c20131123
$gRCR
$2rusmarc
852##$aГА РФ
$j1249
937##$d42004683
$hПБ
035##$aRuPRLIB51009494
Формат отображения